| 000 | 01582nam a2200481 i 4500 | ||
|---|---|---|---|
| 001 | 45298 | ||
| 003 | KOSZ 005 | ||
| 005 | 20220622145005.0 | ||
| 008 | 041119s2004 pl a |000 0 pol | ||
| 015 | _aPB 2004/21991 | ||
| 020 | _a8391909220 | ||
| 035 | _a991025350489705066 | ||
| 035 | _a(PL-WaBN)b16911726-48omnis_nlop | ||
| 035 | _ab16911726 | ||
| 035 | _a(OCoLC)749394076 | ||
| 035 | _a(PL)b0000001691172 | ||
| 035 | _a(EXLNZ-48OMNIS_NETWORK)9910026665705606 | ||
| 040 |
_aWA N _cWA N _dKOSZ 005/HR |
||
| 041 | 1 |
_apol _hger |
|
| 046 | _k1999 | ||
| 080 | _a341.12(4-67) | ||
| 100 | 1 |
_aBorchardt, Klaus-Dieter _d(1955- ) _eAutor |
|
| 245 | 1 | 0 |
_aABC prawa wspólnotowego / _crps Klaus-Dieter Borchardt. |
| 250 | _aDodruk. | ||
| 260 |
_aWarszawa : _bReprezentacja Komisji Europejskiej w Polsce, _c2004. |
||
| 300 |
_a111 s. : _bil. kolor., tab. ; _c23 cm. |
||
| 336 |
_2rdacontent _aTekst _btxt |
||
| 337 |
_2rdamedia _aBez urządzenia pośredniczacego _bn |
||
| 338 |
_2rdacarrier _aWolumin _bnc |
||
| 380 | _aKsiążki | ||
| 388 | _a1901-2000 | ||
| 388 | _a1989-2000 | ||
| 490 | 1 | _aDokumentacja Europejska | |
| 500 | _aNa s. tyt.: Ukończono we wrześniu 1999. | ||
| 504 | _aWykaz orzecznictwa s. 102-107. | ||
| 546 | _aTekst tł. z niem. | ||
| 658 | _aPrawo i wymiar sprawiedliwości | ||
| 650 | 7 |
_aPrawo Unii Europejskiej _2DBN |
|
| 830 | 0 | _aDokumentacja Europejska. | |
| 856 |
_uhttp://koha.tu.koszalin.pl/cgi-bin/koha/opac-detail.pl?biblionumber=45298 _yKatalog online BPK |
||
| 942 |
_2UKD _cKS |
||
| 999 |
_c45298 _d45298 |
||